Místa v síti

Bibliographic Details
Main Author: Šikulová, Veronika, 1967- (Author)
Other Authors: Tučková, Kateřina, 1980- (Translator)
Format: Book
Language:Czech
Slovak
PhysicalDescription:312 s. 22 cm
Published: Praha Argo 2015
ISBN:9788025712870
Edition:1. vyd.
Subjects:

MARC

LEADER 00000cam a2200000 a 4500
001 vtls010681029
003 SK-MaSNL
005 20260301040045.0
008 240314s2015 xr g 000 fdcze
015 |a SNBZSA2015 
020 |a 9788025712870  |q (viaz.) 
035 |a EE0A07B9-2D89-45EB-81B6-696AA7C2F1C9 
035 |a urn:nbn:sk:snk-amlaft 
035 |a urn:nbn:sk:snk-am0093ax 
040 |a SNK  |b slo  |c SNK  |e AACR2 
041 1 |a cze  |h slo 
044 |a xr  |c CZ 
072 7 |a 821.162.4  |x Slovenská literatúra  |2 konspekt 
080 |a 821.162.4-31  |2 2001 
080 |a 821-312.6  |2 2001 
080 |a (0:82-312.6)  |2 2001 
100 1 |a Šikulová, Veronika,  |d 1967-  |4 aut  |9 100923 
240 1 0 |a Miesta v sieti  |l Česky 
245 1 0 |a Místa v síti  |c Veronika Šikulová ; [ze slovenského originálu ... přeložila Kateřina Tučková] 
250 |a 1. vyd. 
260 |a Praha  |b Argo  |c 2015 
300 |a 312 s.  |c 22 cm 
655 7 |a slovenské romány  |2 SNKPH  |9 70324 
655 7 |a Slovak fiction  |2 SNKPHeng  |9 277096 
655 7 |a Autobiographical novels  |2 SNKPHeng  |9 319560 
655 7 |a autobiografické romány  |2 SNKPH  |9 70327 
700 1 |a Tučková, Kateřina,  |d 1980-  |4 trl  |9 184459 
919 |a 9788025712870 
958 |a ZS 
958 |a UP 
958 |a CZ 
958 |a LX 
999 |c 585366  |d 587296 
952 |a SNK  |b SNK  |y PREZ  |7 0  |p 17A1167314  |o snkSC 165184  |i snk2015/19285  |8 4  |g 10.44  |0 0  |1 0  |4 0  |d 2015-05-25  |f 1  |l 0  |r 2026-02-23 15:06:21  |w 2026-02-23 
952 |a SNK  |b SNK  |y PREZ  |7 0  |p 17A1175087  |o snkSC 165184 D1  |i snk2015/31952  |8 2  |g 11.02  |0 0  |1 0  |4 0  |d 2015-11-18  |l 0  |r 2026-02-23 15:06:21  |w 2026-02-23